000 01531nam0a2200301 4500
001 RU\NLR\BIBL_A\012025329
005 20190603142909.0
021 _aRU
_bКН-П-19-094876
_9КН-П-19-6953
035 _a(NLR Aleph) 012025329
090 _a11522980
_c11522980
100 _a20041129d1985 k y0rusy50 ca
101 0 _arus
102 _aRU
105 _ay a||||1|||
200 1 _aИ в тылу ковалась Победа
_e(список литературы)
_e[к 40-летию Победы в Великой Отечественной войне]
_fПенз. обл. универс. науч. б-ка им. М.Ю. Лермонтова
_g[сост.: В.А. Дерунова]
210 _aПенза
_cб.и.
_d1985
215 _a[11] с.
_d20
606 1 _aВеликая Отечественная война
_jБиблиография
_xТыл (воен.)
_yРязанская обл.
_z1941 - 1945
_92194202
_3RU\NLR\AUTH\661318835
686 1 _aТ3(2)722.9-207я1
686 1 _aЦ35(2)722-7(2Р-4П)я1
702 1 _4220
_aДерунова
_bВ. А.
_cбиблиограф
_f1953-
_gВалентина Анатольевна
_9206731
_3RU\NLR\AUTH\770206783
712 0 2 _4650
_aПензенская областная универсальная научная библиотека им. М. Ю. Лермонтова
_9428396
_3RU\NLR\AUTH\889966045
801 0 _aRU
_bNLR
_gpsbo
801 1 _aRU
_bELAR
_2rusmarc
852 _aNLR
_bС
_jК-1/6850
942 _cBOOK
980 _aNB